Estatísticas para Cultura Geral

Clique aqui para jogar o quiz

Estatísticas Gerais

  • Esse quiz foi jogado 12 vezes
  • A pontuação média é 10 de 15

Estatísticas das Respostas

HintResposta% Correto
Em que país podemos encontrar a cidade de Yokohama?Japão
100%
Que nome damos ao tipo de roupa usado por mulheres, servindo para a proteção e sustentação dos peitos das mulheres?Sutiã
100%
Que nome damos ao total desaparecimento de espécies, subespécies ou grupos de espécies?Extinção
91%
Qual é o feminino de imperador?Imperatriz
91%
Que nome damos ao período de rotação da Terra em que não é recebida a luz solar?Noite
91%
Em que país podemos encontrar a universidade Sorbonne Université?França
82%
Que nome damos ao termo que se refere tanto ao estudo de mitos como a um conjunto de mitos?Mitologia
82%
Que nome damos á substância secretada pelas glândulas sudoríparas?Suor
73%
Que nome damos ao local onde desagua um rio?Foz
64%
Que nome damos a uma saia cuja bainha fica bem acima dos joelhos?Minissaia
64%
Que nome damos á ciência que estuda matérias a nível nanométrico?Nanotecnologia
45%
Que nome damos a uma pessoa que toca música gravada para um público?DJ
27%
Que nome damos á pessoa que desenha roupas e artigos relacionados?Modelista
27%
Que nome damos ao ato de escoar as águas de terrenos encharcados?Drenagem
18%
Qual é a maior ilha do Japão?Honshu
18%

Distribuição das Pontuações

Percentil de Números Respondidos

Porcentagem de Pessoas com Cada Pontuação

Sua Pontuação Histórica

Você não jogou esse quiz